| 000 | 00480nam a2200205Ia 4500 | ||
|---|---|---|---|
| 008 | 170918s9999 xx 000 0 und d | ||
| 020 | _a9780545646505 | ||
| 050 | _bS857sp 2013 | ||
| 100 | _aStilton, Geronimo | ||
| 245 | _aAlien escape / | ||
| 245 | _cby Geronimo Stilton. | ||
| 260 | _aNew York : | ||
| 260 | _bScholastic, | ||
| 260 | _c2013 | ||
| 300 | _a112 pages : | ||
| 300 | _bcolor illustrations ; | ||
| 300 | _c19cm. | ||
| 300 | _eSpacemice ; | ||
| 440 | _a1 | ||
| 999 |
_c343820 _d343820 |
||